000 00349nam a2200121Ia 4500
008 220204s9999 xx 000 0 und d
082 _a595.78(71)
_bSAL;1
100 _aSALKELD, E H
245 0 _acatalogue of the eggs of some Canadian Noctuidae(Lepidoptera).
260 _aOttawa
_bEntomological Society
_c1984
650 _aLepidoptera
942 _cBK
999 _c44964
_d44964